000 01504nam a22003617a 4500
003 CHAP
005 20220329134648.0
008 971013c19601966 r 00010 d
010 _a23821
011 _a24793
035 _a28893
040 _cCHAP
082 _a109
_bD9
100 0 0 _aDynnik, M. A.
_934817
245 _aHistoria de la filosofía
260 _aMéxico, D.F. :
_bGrijalbo,
_c1960-1966
300 _a7 v.
505 _aContenido : v.1 De la antiguedad a comienzos del siglo XIX .- v.2 De la revolución burguesa de Francia de 1789 al nacimiento del marxismo .- v.3 Desde el nacimiento del marxismo hasta finales del siglo XIX .- v.4 Segunda mitad del siglo XIX .- v.5 (Des
590 _aBATCH-UPD
_b10
_c20130110
_lUCH01
_h2016
590 _aBATCH-UPD
_b10
_c20130410
_lUCH01
_h1334
590 _aBATCH-UPD
_b10
_c20130913
_lUCH01
_h1845
590 _aCONVERSION
_b10
_c20130109
_lUCH01
_h1314
650 1 4 _aFilosofía
_xHistoria.
_940895
700 0 _aAcademia de Ciencias de la URSS.
_9367
901 _aBK
942 _cLIBRO
949 _a109 D9
_bBC
_cLIBRO
_d33724000299202
_eLIBRO
_fv.6
_h12645
_i28893
_si
949 _a109 D9
_bBC
_cLIBRO
_d33724000299228
_eLIBRO
_fv.5
_h12644
_i28893
_si
949 _a109 D9
_bBC
_cLIBRO
_d33724000299251
_eLIBRO
_fv.4
_h12643
_i28893
_si
949 _a109 D9
_bBC
_cLIBRO
_d33724000299269
_eLIBRO
_fv.7
_h12646
_i28893
_si
949 _a109 D9
_bBC
_cLIBRO
_d33724000938296
_eLIBRO
_fv.3
_h12642
_i28893
_si
949 _a109 D9
_bBC
_cMUT
_d-66803
_eMUT
_fv.2
_h12641
_i28893
_si
999 _c23821
_d23821